000 00690nam a22002417a 4500
003 UA-OsUOA
001 45794
007 ta
008 20111128b un ||||| |||| 00| 0 ukr d
100 _aBidermann G.
090 _a82-94
942 _cBK
040 _aUA-OsUOA
_beng
_cUA-OsUOA
_dUA-OsUOA
245 _aIn Deadly Combat
_bA German Soldier's Memoir of the Eastern Front
300 _a330 p.
955 _a4
041 _aeng
080 _a82-94
260 _aKanzas
_c2000
650 7 _a82 Література. Літературознавство
_2UDC
999 _c425897
_d425897